000
00313nam a2200121 a 4500
005
20140414131924.0
008
101027s19uu xx 00 eng d
050
_a
ER
_b
W85 1987
100
_a
Gibson, Helen
245
_a
Woorayl the Lyrebird.
260
_a
Cleveland :
_b
Modern Curriculum,
_c
1987.
999
_c
111930
_d
111930